[Event "Grand Pacific op"]
[Site "Victoria CAN"]
[Date "2009.04.11"]
[Round "2"]
[White "Harris, Philip"]
[Black "Patterson, Roger"]
[Result "0-1"]
[WhiteElo "1866"]
[BlackElo "2234"]
[PlyCount "81"]
[GameId "2160767910157335"]
[EventDate "2009.04.10"]
[EventType "swiss"]
[EventRounds "6"]
[EventCountry "CAN"]
[SourceTitle "CBM 130 Extra"]
[Source "ChessBase"]
[SourceDate "2009.07.02"]
[SourceVersion "2"]
[SourceVersionDate "2009.07.15"]
[SourceQuality "1"]

1. d4 Nf6 2. c4 e6 3. Nc3 Bb4 4. e3 O-O 5. Bd3 d5 6. Nf3 c5 7. O-O cxd4 8. exd4 dxc4 9. Bxc4 b6 10. Qe2 Bb7 11. Rd1 Bxc3 12. bxc3 Qc7 13. Ne5 Nbd7 14. Nxd7 Qxd7 15. Bb5 Qd5 16. f3 Rfc8 17. c4 Qd6 18. Bg5 Nd7 19. Rac1 Nf8 20. Bh4 Ng6 21. Bg3 Qd8 22. c5 Qd5 23. Bd6 Nh4 24. Bc4 Qg5 25. Kh1 Nf5 26. Be5 bxc5 27. Rb1 Qe7 28. Qb2 Ne3 29. Rdc1 Nxc4 30. Rxc4 cxd4 31. Rxd4 f6 32. Bd6 Qd7 33. Ba3 Bd5 34. Qd2 Rab8 35. Rxb8 Rxb8 36. h3 Rb1+ 37. Kh2 Qc7+ 38. f4 Rb5 39. h4 h6 40. Rb4 Rxb4 41. Qxb4 0-1

[Event "Grand Pacific op"]
[Site "Victoria CAN"]
[Date "2009.04.11"]
[Round "2"]
[White "Hill, Sam"]
[Black "Wu, Howard"]
[Result "0-1"]
[WhiteElo "1920"]
[BlackElo "2242"]
[PlyCount "46"]
[GameId "2160767910157336"]
[EventDate "2009.04.10"]
[EventType "swiss"]
[EventRounds "6"]
[EventCountry "CAN"]

1. e4 c5 2. Nc3 Nc6 3. g3 g6 4. Bg2 Bg7 5. d3 d6 6. Be3 e5 7. Nge2 Nf6 8. O-O O-O 9. h3 Nd4 10. Qd2 Bxh3 11. Bxd4 Bxg2 12. Kxg2 cxd4 13. Nd5 Nxd5 14. exd5 f5 15. f4 Rc8 16. c4 dxc3 17. bxc3 Qa5 18. Qe3 Qxd5+ 19. Qf3 Qxf3+ 20. Rxf3 exf4 21. Nxf4 Bxc3 22. Rb1 b6 23. Nd5 Bf6 0-1

[Event "Grand Pacific op"]
[Site "Victoria CAN"]
[Date "2009.04.11"]
[Round "2"]
[White "Jarquin, Charlie"]
[Black "Trochtchanovitch, Pavel"]
[Result "0-1"]
[WhiteElo "1846"]
[BlackElo "1998"]
[PlyCount "90"]
[GameId "2160767910157337"]
[EventDate "2009.04.10"]
[EventType "swiss"]
[EventRounds "6"]
[EventCountry "CAN"]

1. e4 e5 2. Nf3 Nc6 3. d4 exd4 4. Bc4 Bb4+ 5. c3 dxc3 6. bxc3 Bc5 7. Bxf7+ Kxf7 8. Qd5+ Kf8 9. Qxc5+ Qe7 10. Qe3 d6 11. Ba3 Bg4 12. Nbd2 Re8 13. O-O-O Qf6 14. Rhe1 Nge7 15. e5 Nxe5 16. Nxe5 Qxe5 17. Qxe5 dxe5 18. f3 Be6 19. Rxe5 Kf7 20. Ne4 Nc6 21. Ng5+ Kf6 22. Rxe6+ Rxe6 23. Nxe6 Kxe6 24. Kc2 Rd8 25. Rxd8 Nxd8 26. Kd3 b5 27. Ke4 g6 28. f4 h5 29. h3 Nf7 30. g4 hxg4 31. hxg4 Nh6 32. Kf3 Kd5 33. Bf8 Nf7 34. Bg7 a5 35. Ke3 c5 36. Kd3 Nd6 37. Be5 a4 38. Bxd6 Kxd6 39. Ke4 Ke6 40. a3 b4 41. cxb4 cxb4 42. Kd4 b3 43. Kc3 Kd5 44. Kd3 Kd6 45. Kd2 Ke6 0-1

[Event "Grand Pacific op"]
[Site "Victoria CAN"]
[Date "2009.04.11"]
[Round "2"]
[White "Leblanc, Paul"]
[Black "Piasetski, Leon"]
[Result "0-1"]
[WhiteElo "2005"]
[BlackElo "2288"]
[PlyCount "48"]
[GameId "2160767910157338"]
[EventDate "2009.04.10"]
[EventType "swiss"]
[EventRounds "6"]
[EventCountry "CAN"]
[SourceTitle "CBM 130 Extra"]
[Source "ChessBase"]
[SourceDate "2009.07.02"]
[SourceVersion "2"]
[SourceVersionDate "2009.07.15"]
[SourceQuality "1"]

1. d4 g6 2. g3 Bg7 3. Bg2 d6 4. Nf3 Nd7 5. O-O e5 6. c4 exd4 7. Nxd4 Ngf6 8. Nc3 O-O 9. e4 Re8 10. h3 Nc5 11. Re1 c6 12. Nb3 Be6 13. Nxc5 dxc5 14. Be3 Nd7 15. Qc2 Ne5 16. Bxc5 Qd3 17. Qa4 Qxc4 18. Qxc4 Nxc4 19. Rac1 Nxb2 20. Re3 b6 21. Bb4 a5 22. e5 axb4 23. Bxc6 bxc3 24. Bxe8 Rxe8 0-1

[Event "Grand Pacific op"]
[Site "Victoria CAN"]
[Date "2009.04.11"]
[Round "3"]
[White "Aquino, Manfrei"]
[Black "Sohal, Tanraj"]
[Result "0-1"]
[WhiteElo "1922"]
[BlackElo "2060"]
[PlyCount "58"]
[GameId "2160767910157339"]
[EventDate "2009.04.10"]
[EventType "swiss"]
[EventRounds "6"]
[EventCountry "CAN"]
[SourceTitle "CBM 130 Extra"]
[Source "ChessBase"]
[SourceDate "2009.07.02"]
[SourceVersion "2"]
[SourceVersionDate "2009.07.15"]
[SourceQuality "1"]

1. d4 Nf6 2. c4 e6 3. Nf3 b6 4. a3 Bb7 5. Nc3 Be7 6. Bg5 Ne4 7. Nxe4 Bxe4 8. Bxe7 Qxe7 9. Nd2 Bb7 10. e4 O-O 11. Bd3 e5 12. d5 d6 13. O-O Nd7 14. b4 Rfe8 15. Qg4 Bc8 16. Qg3 Nf8 17. h4 Ng6 18. h5 Nf4 19. h6 g6 20. Rfe1 Qf8 21. Qe3 Qxh6 22. g3 g5 23. gxf4 gxf4 24. Qf3 Kh8 25. Nf1 Rg8+ 26. Ng3 Qh4 27. Qh1 Bh3 28. Bf1 fxg3 29. Re3 gxf2+ 0-1

[Event "Grand Pacific op"]
[Site "Victoria CAN"]
[Date "2009.04.11"]
[Round "3"]
[White "Chen, Howard"]
[Black "Gansvind, Valeriya"]
[Result "0-1"]
[WhiteElo "2189"]
[BlackElo "2328"]
[PlyCount "76"]
[GameId "2160767910157340"]
[EventDate "2009.04.10"]
[EventType "swiss"]
[EventRounds "6"]
[EventCountry "CAN"]
[SourceTitle "CBM 130 Extra"]
[Source "ChessBase"]
[SourceDate "2009.07.02"]
[SourceVersion "2"]
[SourceVersionDate "2009.07.15"]
[SourceQuality "1"]

1. e4 c5 2. Nf3 a6 3. c3 d5 4. exd5 Nf6 5. d4 Qxd5 6. Be2 e6 7. O-O Nc6 8. h3 cxd4 9. cxd4 Be7 10. Nc3 Qa5 11. a3 O-O 12. Be3 Nd5 13. Rc1 Nxc3 14. Rxc3 Bf6 15. Qc2 Qd8 16. Rd1 Ne7 17. Ne5 Nd5 18. Rc5 b6 19. Nc6 Qe8 20. Rc4 Bb7 21. Bf3 Rc8 22. Rc1 Qd7 23. Be4 h6 24. b4 Rfe8 25. Bf3 Kh8 26. Kf1 Rc7 27. Nb8 Qb5 28. Be2 Rxc4 29. Bxc4 Nxe3+ 30. fxe3 Qg5 31. Nd7 Qxe3 32. Nxf6 Qf4+ 33. Ke1 Qxf6 34. Rd1 Rc8 35. Qe2 b5 36. Bb3 Qh4+ 37. Kf1 Qg3 38. Rd3 Bxg2+ 0-1

[Event "Grand Pacific op"]
[Site "Victoria CAN"]
[Date "2009.04.11"]
[Round "3"]
[White "Forman, Ken"]
[Black "Leblanc, Paul"]
[Result "1/2-1/2"]
[WhiteElo "1810"]
[BlackElo "1929"]
[PlyCount "109"]
[GameId "2160767910157341"]
[EventDate "2009.04.10"]
[EventType "swiss"]
[EventRounds "6"]
[EventCountry "CAN"]

1. e4 c6 2. d4 d5 3. Nc3 dxe4 4. Nxe4 Bf5 5. Ng3 Bg6 6. h4 h6 7. h5 Bh7 8. Nf3 Nd7 9. Bd3 Bxd3 10. Qxd3 Ngf6 11. Bd2 Qc7 12. O-O-O O-O-O 13. c4 e6 14. Bc3 Bd6 15. Ne4 Nxe4 16. Qxe4 Nf6 17. Qe2 Rhe8 18. Ne5 c5 19. f4 Kb8 20. Kb1 Ng8 21. g3 Bxe5 22. dxe5 Ne7 23. g4 Rxd1+ 24. Rxd1 Rd8 25. Rd6 Nc8 26. Rxd8 Qxd8 27. Qd2 Qxd2 28. Bxd2 Kc7 29. Kc2 Ne7 30. Be3 b6 31. Kc3 Nc6 32. a3 a5 33. b3 Kd7 34. Kd3 Ke7 35. Ke4 Kd7 36. f5 Ke7 37. f6+ Kf8 38. fxg7+ Kxg7 39. g5 hxg5 40. Bxg5 Nd4 41. b4 axb4 42. axb4 Nc6 43. bxc5 bxc5 44. Be3 Na5 45. Kd3 Nb7 46. Kc3 f6 47. exf6+ Kxf6 48. Kd3 Kf5 49. h6 Kg6 50. Bf4 Na5 51. Be3 Nc6 52. Bxc5 Ne5+ 53. Kd4 Nxc4 54. Kxc4 Kxh6 55. Kd4 1/2-1/2

[Event "Grand Pacific op"]
[Site "Victoria CAN"]
[Date "2009.04.11"]
[Round "3"]
[White "Han, Yifei"]
[Black "Berry, Jonathan"]
[Result "1/2-1/2"]
[WhiteElo "1849"]
[BlackElo "2322"]
[PlyCount "76"]
[GameId "2160767910157342"]
[EventDate "2009.04.10"]
[EventType "swiss"]
[EventRounds "6"]
[EventCountry "CAN"]
[SourceTitle "CBM 130 Extra"]
[Source "ChessBase"]
[SourceDate "2009.07.02"]
[SourceVersion "2"]
[SourceVersionDate "2009.07.15"]
[SourceQuality "1"]

1. e4 c6 2. d4 d5 3. e5 Bf5 4. Bd3 Bxd3 5. Qxd3 e6 6. Nf3 Qa5+ 7. Bd2 Qa6 8. O-O Qxd3 9. cxd3 a5 10. a3 Nd7 11. Be3 Ne7 12. g4 h5 13. h3 hxg4 14. hxg4 f5 15. Ng5 Rh6 16. f3 c5 17. dxc5 Nxe5 18. d4 Nc4 19. Bf2 fxg4 20. Re1 gxf3 21. Rxe6 Rxe6 22. Nxe6 Kd7 23. Ng5 Nxb2 24. Nc3 Nd3 25. Na4 Nc8 26. Rb1 Be7 27. Nxf3 Nxf2 28. Kxf2 Bf6 29. Rxb7+ Kc6 30. Rb1 Ra7 31. Nc3 Bxd4+ 32. Nxd4+ Kxc5 33. Nce2 Nd6 34. Rc1+ Nc4 35. Kg3 a4 36. Rc3 Re7 37. Kf3 Re4 38. Nf5 g6 1/2-1/2

[Event "Grand Pacific op"]
[Site "Victoria CAN"]
[Date "2009.04.11"]
[Round "3"]
[White "Piasetski, Leon"]
[Black "Patterson, Roger"]
[Result "1-0"]
[WhiteElo "2288"]
[BlackElo "2234"]
[PlyCount "23"]
[GameId "2160767910157344"]
[EventDate "2009.04.10"]
[EventType "swiss"]
[EventRounds "6"]
[EventCountry "CAN"]
[SourceTitle "CBM 130 Extra"]
[Source "ChessBase"]
[SourceDate "2009.07.02"]
[SourceVersion "2"]
[SourceVersionDate "2009.07.15"]
[SourceQuality "1"]

1. Nf3 c5 2. c4 Nf6 3. Nc3 d5 4. cxd5 Nxd5 5. d4 cxd4 6. Qxd4 Nxc3 7. Qxc3 Nc6 8. e4 e6 9. Bb5 Bd7 10. O-O Qf6 11. e5 Nxe5 12. Qxe5 1-0

[Event "Grand Pacific op"]
[Site "Victoria CAN"]
[Date "2009.04.11"]
[Round "3"]
[White "Ristovic, Nenad"]
[Black "Wild, Joshua"]
[Result "0-1"]
[WhiteElo "2300"]
[BlackElo "1700"]
[PlyCount "82"]
[GameId "2160767910157345"]
[EventDate "2009.04.10"]
[EventType "swiss"]
[EventRounds "6"]
[EventCountry "CAN"]
[SourceTitle "CBM 130 Extra"]
[Source "ChessBase"]
[SourceDate "2009.07.02"]
[SourceVersion "2"]
[SourceVersionDate "2009.07.15"]
[SourceQuality "1"]

1. d4 d5 2. c4 Nf6 3. cxd5 Nxd5 4. e4 Nb6 5. Nc3 e6 6. Be3 Be7 7. Nf3 O-O 8. Bd3 N8d7 9. O-O f5 10. Qb3 f4 11. Bd2 Kh8 12. e5 c5 13. Bb1 cxd4 14. Ne4 Nd5 15. Qd3 g6 16. Qxd4 Qb6 17. Qxb6 N7xb6 18. Bd3 Bd7 19. Rac1 Rac8 20. Nd4 Bb4 21. Bxb4 Nxb4 22. Bb1 Rc4 23. Rcd1 N4d5 24. Nd6 Rc7 25. Rc1 Rxc1 26. Rxc1 Rb8 27. b3 Nc8 28. Nf7+ Kg8 29. Ng5 Ncb6 30. Ngxe6 Bxe6 31. Nxe6 Re8 32. Nc5 Rxe5 33. Nxb7 Nc3 34. Kf1 Nbd5 35. a4 f3 36. gxf3 Rh5 37. Be4 Nxe4 38. fxe4 Nf4 39. Rc3 Rxh2 40. Ke1 Rh5 41. Nc5 Rxc5 0-1

[Event "Grand Pacific op"]
[Site "Victoria CAN"]
[Date "2009.04.11"]
[Round "3"]
[White "Wu, Howard"]
[Black "Davies, Noam"]
[Result "1/2-1/2"]
[WhiteElo "2242"]
[BlackElo "2207"]
[PlyCount "98"]
[GameId "2160767910157347"]
[EventDate "2009.04.10"]
[EventType "swiss"]
[EventRounds "6"]
[EventCountry "CAN"]
[SourceTitle "CBM 130 Extra"]
[Source "ChessBase"]
[SourceDate "2009.07.02"]
[SourceVersion "2"]
[SourceVersionDate "2009.07.15"]
[SourceQuality "1"]

1. e4 c5 2. Nf3 e6 3. c3 d5 4. exd5 exd5 5. d4 Nf6 6. Bg5 Be7 7. dxc5 Ne4 8. Bxe7 Qxe7 9. Be2 Qxc5 10. O-O O-O 11. Nbd2 Nd7 12. Nb3 Qd6 13. Bd3 Ndc5 14. Nxc5 Qxc5 15. Nd4 Bd7 16. Re1 Rfe8 17. Qh5 g6 18. Qh4 Bc6 19. Rac1 Qd6 20. f3 Nc5 21. Bc2 Nd7 22. Qg5 Qf6 23. Qxf6 Nxf6 24. Kf2 Rxe1 25. Rxe1 Re8 26. Rxe8+ Bxe8 27. Bb3 Kf8 28. Ke3 Ke7 29. Ne2 Kd6 30. Kd4 Bc6 31. h4 h5 32. Nf4 b5 33. a3 a6 34. Ba2 a5 35. Bb3 Bb7 36. Ba2 Bc6 37. Nd3 Bd7 38. Ne5 Be6 39. Nd3 Bd7 40. Nf4 Bc6 41. Bb1 Bd7 42. Nd3 Bf5 43. Bc2 Nd7 44. Ne1 Bxc2 45. Nxc2 Ne5 46. Ne3 Nc6+ 47. Kd3 Ne5+ 48. Kd4 Nc6+ 49. Kd3 Ne5+ 1/2-1/2

[Event "Grand Pacific op"]
[Site "Victoria CAN"]
[Date "2009.04.12"]
[Round "4"]
[White "Berry, Jonathan"]
[Black "Huang, Richard"]
[Result "1/2-1/2"]
[WhiteElo "2322"]
[BlackElo "1869"]
[PlyCount "73"]
[GameId "2160767910157348"]
[EventDate "2009.04.10"]
[EventType "swiss"]
[EventRounds "6"]
[EventCountry "CAN"]
[SourceTitle "CBM 130 Extra"]
[Source "ChessBase"]
[SourceDate "2009.07.02"]
[SourceVersion "2"]
[SourceVersionDate "2009.07.15"]
[SourceQuality "1"]

1. e4 c5 2. Nf3 e6 3. Nc3 Nc6 4. g3 g6 5. Bg2 Bg7 6. O-O Nge7 7. d3 O-O 8. Bf4 e5 9. Be3 d6 10. Nh4 f5 11. f4 Nd4 12. Qd2 Rb8 13. fxe5 Bxe5 14. Bg5 Qc7 15. Bxe7 Qxe7 16. Nd5 Qg7 17. c3 g5 18. Nxf5 Nxf5 19. exf5 Bxf5 20. Be4 Bh3 21. Bg2 Be6 22. a4 h6 23. Qe2 Rbe8 24. Qh5 Bf7 25. Qg4 Be6 26. Rxf8+ Qxf8 27. Qe4 Bf7 28. Qf5 Qg7 29. Be4 Be6 30. Qf3 Rf8 31. Qe2 Qf7 32. Rf1 Qxf1+ 33. Qxf1 Rxf1+ 34. Kxf1 Kf7 35. a5 Bc8 36. Kf2 Bf6 37. Nxf6 1/2-1/2

[Event "Grand Pacific op"]
[Site "Victoria CAN"]
[Date "2009.04.12"]
[Round "4"]
[White "Davies, Lucas"]
[Black "Wu, Howard"]
[Result "1/2-1/2"]
[WhiteElo "2238"]
[BlackElo "2242"]
[PlyCount "64"]
[GameId "2160767910157349"]
[EventDate "2009.04.10"]
[EventType "swiss"]
[EventRounds "6"]
[EventCountry "CAN"]
[SourceTitle "CBM 130 Extra"]
[Source "ChessBase"]
[SourceDate "2009.07.02"]
[SourceVersion "2"]
[SourceVersionDate "2009.07.15"]
[SourceQuality "1"]

1. e4 c6 2. d4 d5 3. e5 Bf5 4. Nc3 e6 5. g4 Bg6 6. Nge2 c5 7. h4 h5 8. Nf4 Bh7 9. Nxh5 Nc6 10. Bb5 Qc7 11. Be3 Nge7 12. f4 a6 13. Bxc6+ Nxc6 14. Qd2 cxd4 15. Bxd4 Nxd4 16. Qxd4 b5 17. f5 Bxf5 18. gxf5 Rxh5 19. fxe6 Qxe5+ 20. Qxe5 Rxe5+ 21. Kd2 Rxe6 22. Rae1 O-O-O 23. Rxe6 fxe6 24. Rg1 Rd7 25. Rg6 Re7 26. Ne2 Kd7 27. Nf4 Kd6 28. Ke3 Ke5 29. c3 Kf5 30. h5 Re8 31. Kf3 Bd6 32. Nxd5 Bf8 1/2-1/2

[Event "Grand Pacific op"]
[Site "Victoria CAN"]
[Date "2009.04.12"]
[Round "4"]
[White "Davies, Noam"]
[Black "Wild, Joshua"]
[Result "1-0"]
[WhiteElo "2207"]
[BlackElo "1700"]
[PlyCount "75"]
[GameId "2160767910157350"]
[EventDate "2009.04.10"]
[EventType "swiss"]
[EventRounds "6"]
[EventCountry "CAN"]
[SourceTitle "CBM 130 Extra"]
[Source "ChessBase"]
[SourceDate "2009.07.02"]
[SourceVersion "2"]
[SourceVersionDate "2009.07.15"]
[SourceQuality "1"]

1. e4 e5 2. Nf3 Nc6 3. Bb5 Nf6 4. O-O d6 5. d4 Bd7 6. Re1 a6 7. Bxc6 Bxc6 8. dxe5 dxe5 9. Qxd8+ Rxd8 10. Nxe5 Bc5 11. Nd3 Bd4 12. Be3 Bb5 13. e5 Ng4 14. Bxd4 Rxd4 15. f3 Nh6 16. Nf2 O-O 17. Nc3 Bc4 18. Nfe4 Rfd8 19. b3 Be6 20. Nc5 Bc8 21. Rad1 Nf5 22. Kf2 Rd2+ 23. Rxd2 Rxd2+ 24. Re2 Rxe2+ 25. Kxe2 b6 26. Nd3 Ne7 27. Nd1 Bf5 28. Ne3 Bg6 29. Kd2 Nc6 30. Nd5 Bxd3 31. Kxd3 Nxe5+ 32. Ke4 Nc6 33. Nxc7 Nb4 34. c4 a5 35. Nd5 Nxa2 36. Kd3 Nb4+ 37. Nxb4 axb4 38. Kd4 1-0

[Event "Grand Pacific op"]
[Site "Victoria CAN"]
[Date "2009.04.12"]
[Round "4"]
[White "Day, Lawrence"]
[Black "Sohal, Tanraj"]
[Result "1-0"]
[WhiteElo "2322"]
[BlackElo "2060"]
[PlyCount "149"]
[GameId "2160767910157351"]
[EventDate "2009.04.10"]
[EventType "swiss"]
[EventRounds "6"]
[EventCountry "CAN"]
[SourceTitle "CBM 130 Extra"]
[Source "ChessBase"]
[SourceDate "2009.07.02"]
[SourceVersion "2"]
[SourceVersionDate "2009.07.15"]
[SourceQuality "1"]

1. Nf3 Nf6 2. d3 d6 3. h3 h6 4. c3 e5 5. Nbd2 g6 6. Qc2 Bg7 7. g3 O-O 8. Bg2 c6 9. g4 h5 10. g5 Nh7 11. Ne4 d5 12. Ng3 Be6 13. Be3 Nd7 14. h4 a5 15. a4 Qc7 16. O-O f5 17. gxf6 Ndxf6 18. Bc5 Rfe8 19. e4 dxe4 20. dxe4 b6 21. Be3 Ng4 22. Bg5 Qf7 23. Qc1 Bf6 24. Be3 c5 25. Bh3 Qe7 26. Bg5 Kh8 27. Kg2 Qd7 28. Ng1 Bg7 29. Rd1 Qf7 30. f3 Ngf6 31. Bxe6 Qxe6 32. Nh3 Rad8 33. Qc2 Nf8 34. Nf1 Qc6 35. Ne3 c4 36. Qe2 Rc8 37. Nd5 Nxd5 38. exd5 Qd7 39. Nf2 Rc5 40. Qd2 Rcc8 41. Ne4 Nh7 42. Qf2 Rb8 43. d6 Rf8 44. Be3 Nf6 45. Qc2 Nxe4 46. Qxe4 Rf5 47. Qxc4 e4 48. Qc7 exf3+ 49. Kf2 Rd8 50. Bxb6 Bf6 51. Qxd7 Bxh4+ 52. Kf1 Rxd7 53. c4 Rf8 54. Bxa5 Rc8 55. Rac1 Rc6 56. c5 Bg5 57. Rc4 Be3 58. b4 g5 59. Re1 Bf4 60. b5 Rc8 61. Bc7 h4 62. Rxf4 gxf4 63. b6 h3 64. b7 Rg8 65. b8=Q Rxb8 66. Bxb8 h2 67. Kf2 Rg7 68. Rh1 Rg2+ 69. Kxf3 Rb2 70. d7 Rxb8 71. c6 Rb3+ 72. Kxf4 Rb4+ 73. Kg3 Rb3+ 74. Kxh2 Rd3 75. c7 1-0

[Event "Grand Pacific op"]
[Site "Victoria CAN"]
[Date "2009.04.12"]
[Round "4"]
[White "Gansvind, Valeriya"]
[Black "Piasetski, Leon"]
[Result "1/2-1/2"]
[WhiteElo "2328"]
[BlackElo "2288"]
[PlyCount "51"]
[GameId "2160767910157352"]
[EventDate "2009.04.10"]
[EventType "swiss"]
[EventRounds "6"]
[EventCountry "CAN"]
[SourceTitle "CBM 130 Extra"]
[Source "ChessBase"]
[SourceDate "2009.07.02"]
[SourceVersion "2"]
[SourceVersionDate "2009.07.15"]
[SourceQuality "1"]

1. b3 e5 2. Bb2 d6 3. g3 Nf6 4. Bg2 g6 5. d4 Bg7 6. dxe5 Ng4 7. Qc1 dxe5 8. h3 Nh6 9. Nd2 O-O 10. Nc4 f6 11. e3 Re8 12. Qd1 Nc6 13. Qxd8 Nxd8 14. O-O-O Nhf7 15. Ne2 c6 16. Ba3 Bf8 17. Bxf8 Kxf8 18. Nd6 Nxd6 19. Rxd6 Ke7 20. Rhd1 Nf7 21. R6d2 Be6 22. Nc3 f5 23. f4 Rad8 24. Rxd8 Rxd8 25. Rxd8 Kxd8 26. Kd2 1/2-1/2

[Event "Grand Pacific op"]
[Site "Victoria CAN"]
[Date "2009.04.12"]
[Round "4"]
[White "Patterson, Roger"]
[Black "Han, Yifei"]
[Result "1/2-1/2"]
[WhiteElo "2234"]
[BlackElo "1849"]
[PlyCount "116"]
[GameId "2160767910157354"]
[EventDate "2009.04.10"]
[EventType "swiss"]
[EventRounds "6"]
[EventCountry "CAN"]
[SourceTitle "CBM 130 Extra"]
[Source "ChessBase"]
[SourceDate "2009.07.02"]
[SourceVersion "2"]
[SourceVersionDate "2009.07.15"]
[SourceQuality "1"]

1. e4 e5 2. Nf3 Nc6 3. Bb5 a6 4. Ba4 Nf6 5. O-O Be7 6. Re1 b5 7. Bb3 d6 8. c3 O-O 9. h3 Na5 10. Bc2 c5 11. d4 Qc7 12. Nbd2 cxd4 13. cxd4 Nc6 14. Nb3 a5 15. Be3 a4 16. Nbd2 Nb4 17. Bb1 Bd7 18. a3 Nc6 19. Bd3 Qb8 20. Rc1 Na5 21. Qe2 Ne8 22. dxe5 dxe5 23. Bc5 Bxc5 24. Rxc5 Nd6 25. Nxe5 Be8 26. Nef3 Ndc4 27. Nxc4 bxc4 28. Bxc4 Nxc4 29. Qxc4 Qxb2 30. Re3 Bd7 31. Qd4 Qxd4 32. Nxd4 Rfd8 33. Nc6 Bxc6 34. Rxc6 f6 35. Rc4 Rd1+ 36. Kh2 Rb1 37. Kg3 Ra5 38. f4 Kf7 39. Kf3 Rf1+ 40. Ke2 Rg1 41. g4 Rg2+ 42. Kd3 Ra2 43. Kd4 Rf2 44. f5 Rd2+ 45. Kc3 Rd7 46. Rd3 Rb7 47. Kc2 Raa7 48. h4 h6 49. h5 Rb8 50. Rdd4 Rb3 51. Rxa4 Rxa3 52. Rd7+ Rxd7 53. Rxa3 Rd4 54. Re3 Ra4 55. Kb3 Rd4 56. Kc3 Ra4 57. Rd3 Rxe4 58. Rd7+ Re7 1/2-1/2

[Event "Grand Pacific op"]
[Site "Victoria CAN"]
[Date "2009.04.12"]
[Round "5"]
[White "Davies, Noam"]
[Black "Gansvind, Valeriya"]
[Result "1/2-1/2"]
[WhiteElo "2207"]
[BlackElo "2328"]
[PlyCount "79"]
[GameId "2160767910157356"]
[EventDate "2009.04.10"]
[EventType "swiss"]
[EventRounds "6"]
[EventCountry "CAN"]
[SourceTitle "CBM 130 Extra"]
[Source "ChessBase"]
[SourceDate "2009.07.02"]
[SourceVersion "2"]
[SourceVersionDate "2009.07.15"]
[SourceQuality "1"]

1. e4 c5 2. Nf3 e6 3. d4 cxd4 4. Nxd4 a6 5. Bd3 Bc5 6. Nb3 Be7 7. O-O d6 8. f4 Qc7 9. Qe2 Nd7 10. c4 b6 11. Nc3 Bb7 12. Be3 Ngf6 13. Rae1 h5 14. Bf2 Ng4 15. Bg3 Nc5 16. Nxc5 Qxc5+ 17. Kh1 h4 18. Qxg4 hxg3 19. Qxg3 Qh5 20. Be2 Qh7 21. Rd1 Rc8 22. Bd3 Bh4 23. Qf3 Bf6 24. h3 Bxc3 25. bxc3 Rc5 26. Kh2 Qh4 27. Qe3 Qe7 28. Rde1 Qc7 29. Qg3 Kf8 30. f5 Rh6 31. Qf4 e5 32. Qe3 a5 33. f6 Rg6 34. fxg7+ Kxg7 35. Rf5 Bc8 36. Rg5 Qd8 37. Rxg6+ fxg6 38. Rf1 Be6 39. Qf3 a4 40. Qe2 1/2-1/2

[Event "Grand Pacific op"]
[Site "Victoria CAN"]
[Date "2009.04.12"]
[Round "5"]
[White "Herdin, Matthew"]
[Black "Leblanc, Paul"]
[Result "0-1"]
[WhiteElo "1380"]
[BlackElo "1929"]
[PlyCount "74"]
[GameId "2160767910157357"]
[EventDate "2009.04.10"]
[EventType "swiss"]
[EventRounds "6"]
[EventCountry "CAN"]

1. d4 d5 2. Nf3 c6 3. g3 Bf5 4. Bg2 Nd7 5. O-O e6 6. c3 Bd6 7. Re1 h6 8. Nbd2 Ngf6 9. Nh4 Bh7 10. Nhf3 O-O 11. Nb3 Qc7 12. Rf1 Rfe8 13. e3 Ne4 14. Nbd2 f5 15. Nxe4 fxe4 16. Nd2 e5 17. dxe5 Nxe5 18. Nb3 Rf8 19. Nd4 Qd7 20. Bd2 Rae8 21. b3 Re7 22. Ne2 Ref7 23. Nf4 g5 24. Bh3 g4 25. Bg2 Nf3+ 26. Bxf3 gxf3 27. Kh1 Rg7 28. Rg1 Bf5 29. Bc1 Kh7 30. Bb2 Bxf4 31. exf4 Bh3 32. Re1 Bg2+ 33. Kg1 Qh3 34. Re3 Rf5 35. Qd4 Rh5 36. Qxg7+ Kxg7 37. c4+ Kf7 0-1

[Event "Grand Pacific op"]
[Site "Victoria CAN"]
[Date "2009.04.12"]
[Round "5"]
[White "Huang, Richard"]
[Black "Patterson, Roger"]
[Result "0-1"]
[WhiteElo "1869"]
[BlackElo "2234"]
[PlyCount "84"]
[GameId "2160767910157358"]
[EventDate "2009.04.10"]
[EventType "swiss"]
[EventRounds "6"]
[EventCountry "CAN"]
[SourceTitle "CBM 130 Extra"]
[Source "ChessBase"]
[SourceDate "2009.07.02"]
[SourceVersion "2"]
[SourceVersionDate "2009.07.15"]
[SourceQuality "1"]

1. d4 Nf6 2. Bg5 e6 3. e4 h6 4. Bxf6 Qxf6 5. c3 d6 6. Nf3 Nd7 7. Nbd2 e5 8. d5 g6 9. Bd3 Bg7 10. O-O O-O 11. Rc1 Qe7 12. b4 f5 13. c4 f4 14. Nb3 Nf6 15. h3 g5 16. Nh2 h5 17. f3 Rf7 18. Rf2 Bh6 19. Rfc2 Bd7 20. c5 Ne8 21. c6 bxc6 22. dxc6 Be6 23. Nd2 Nf6 24. Bc4 Kh7 25. Qe2 Rg8 26. Rb1 g4 27. Bxe6 Qxe6 28. hxg4 hxg4 29. Nxg4 Nxg4 30. fxg4 Rxg4 31. Kf2 Qg6 32. Rg1 f3 33. Nxf3 Rxe4 34. Qd3 Be3+ 35. Kf1 Rxf3+ 36. gxf3 Qxg1+ 37. Ke2 Qf2+ 38. Kd1 Qxf3+ 39. Re2 Kg7 40. Kc2 d5 41. Rh2 Rc4+ 42. Kb3 Qe4 0-1

[Event "Grand Pacific op"]
[Site "Victoria CAN"]
[Date "2009.04.12"]
[Round "5"]
[White "Piasetski, Leon"]
[Black "Davies, Lucas"]
[Result "1-0"]
[WhiteElo "2288"]
[BlackElo "2238"]
[PlyCount "79"]
[GameId "2160767910157359"]
[EventDate "2009.04.10"]
[EventType "swiss"]
[EventRounds "6"]
[EventCountry "CAN"]
[SourceTitle "CBM 130 Extra"]
[Source "ChessBase"]
[SourceDate "2009.07.02"]
[SourceVersion "2"]
[SourceVersionDate "2009.07.15"]
[SourceQuality "1"]

1. Nf3 Nf6 2. c4 g6 3. Nc3 Bg7 4. e4 d6 5. d4 O-O 6. Be2 e5 7. O-O Nc6 8. d5 Ne7 9. b4 Nh5 10. g3 f5 11. Ng5 Nf6 12. f3 h6 13. Ne6 Bxe6 14. dxe6 Nc6 15. Nd5 Re8 16. exf5 gxf5 17. Bb2 Rxe6 18. Qc2 Re8 19. Qxf5 Nxd5 20. cxd5 Nxb4 21. Qe4 a5 22. a3 Na6 23. Bd3 Qe7 24. Qh7+ Kf8 25. Rae1 Bf6 26. Qxh6+ Qg7 27. Qh3 Nc5 28. Be4 Ke7 29. f4 Rh8 30. fxe5 Bxe5 31. Bxe5 dxe5 32. Qg2 Kd6 33. Bf5 Rab8 34. Qc2 Qh6 35. Re2 Qg7 36. Rc1 b6 37. Qc4 Qf8 38. Be6 Rh6 39. Rf1 Qe8 40. Bf7 1-0